000 02508nam0a2200361 4500
001 RU\NLR\bibl\947072
005 20260408190728.0
010 _a5-9604-0032-4
_9100
035 _a(NLR Aleph) 000935203
090 _a184971
_c184971
100 _a20060511d2005 |||y0rusy50 ca
101 0 _arus
102 _aRU
105 _aa |||||||||
200 1 _aПроблемы правового регулирования обязательств по оказанию услуг
_eсборник научно-практических статей
_fКраснояр. гос. ун-т, Юрид. ин-т [и др.
_gредкол.: ...М.В. Кратенко к.ю.н. (отв. ред.), С.Н. Мальтов]
210 _aКрасноярск
_cРегиональный учебно-методический центр по юридическому образованию
_cЮридический институт Красноярского государственного университета
_d2005
215 _a175 с.
_cил.
_d20
300 _aВ надзаг. также: Гл. упр. здравоохранения Администрации г. Красноярска, Адвокат. палата Краснояр. края
320 _aБиблиогр. в подстроч. примеч.
606 1 _aМедицинская помощь
_jСъезды, совещания и т.п.
_xПравовые вопросы
_yРоссийская Федерация
_92172973
_3RU\NLR\auth\661307032
606 1 _aОбразовательные учреждения
_jСъезды, совещания и т.п.
_xПлатные услуги
_xПравовые вопросы
_yРоссийская Федерация
_92162072
_3RU\NLR\auth\661301110
606 _aОбязательства по оказанию услуг
_yРоссийская Федерация
_jСъезды, совещания и т.п.
_3RU\NLR\auth\661254566
_92078703
686 _aХ621.154я431
686 _aХ623.211.8я431
702 1 _aКратенко
_bМ. В.
_gМаксим Владимирович
_4340
712 0 2 _4570
_aКрасноярский государственный университет
_bЮридический институт
_3RU\NLR\AUTH\8810041295
_9581892
801 0 _aRU
_bNLR
_c20060511
_grcr
801 1 _aRU
_bNLR
_c20060511
830 _aред. по ЭК РНБ
942 _cBOOK
980 _aNB